000 00441nam a2200157Ia 4500
003 GCL
008 140319s9999 xx 000 0 eng d
040 _aGCL /
_cGCL
082 0 4 _a 519.5
_bB S
100 1 _aBOWERS, DAVID S
_vAuthor
_@
…ؤلف
245 1 0 _aStatistics for Econmics and Business /
_cBOWERS, DAVID S
260 _a[S.N] :
_bELBS WITH MACMILLAN ،
_c1991
300 _a276 P
650 0 4 _aSTATISTICS
942 _2ddc
_cBK
999 _c16923
_d16923